[Event "2017 Oceania Zone 3.6 Zonal Championshi"]
[Site "Auckland NZL"]
[Date "2017.01.17"]
[Round "6.30"]
[White "Bhat, Vishal"]
[Black "Rains, Timothy"]
[Result "1-0"]
[WhiteElo "1995"]
[BlackElo "1839"]
[PlyCount "105"]
[EventDate "2017.01.14"]

1. e4 c6 2. d4 d5 3. Nc3 dxe4 4. Nxe4 Bf5 5. Ng3 Bg6 6. h4 h6 7. Nf3 e6 8. h5
Bh7 9. Bd3 Bxd3 10. Qxd3 Nf6 11. Bd2 Nbd7 12. O-O-O Qc7 13. Ne4 O-O-O 14. c4
Be7 15. g3 Ng4 16. Qe2 Ndf6 17. Nc3 Rhe8 18. Kb1 Bd6 19. c5 Be7 20. Bf4 Qa5 21.
Ne5 Nxe5 22. Qxe5 Kd7 23. f3 Rc8 24. d5 Red8 25. d6 Bf8 26. Bxh6 Ne8 27. Bf4 f6
28. Qd4 b6 29. h6 gxh6 30. Bxh6 bxc5 31. Qd3 Bxh6 32. Rxh6 Ng7 33. Qg6 Rb8 34.
Qxg7+ Kc8 35. Rh7 Rb4 36. Qxf6 Kb8 37. Rc7 Rxd6 38. Qf8+ Kxc7 39. Qxd6+ Kb7 40.
Qe7+ Ka6 41. Rd7 Qb6 42. Nd1 c4 43. Rxa7+ Qxa7 44. Qxb4 Qd4 45. Qa4+ Kb6 46.
Qc2 Kc7 47. g4 Kd7 48. Qe2 Ke7 49. Nc3 e5 50. Kc2 Ke6 51. Qe4 Qf2+ 52. Ne2 Kf6
53. f4 1-0

[Event "2017 Oceania Zone 3.6 Zonal Championshi"]
[Site "Auckland NZL"]
[Date "2017.01.17"]
[Round "6.32"]
[White "Lam, Ross"]
[Black "Nagorski, Alex"]
[Result "1/2-1/2"]
[WhiteElo "1883"]
[BlackElo "1771"]
[PlyCount "86"]
[EventDate "2017.01.14"]

1. c4 Nf6 2. Nc3 c5 3. g3 Nc6 4. Bg2 g6 5. Nf3 Bg7 6. d4 cxd4 7. Nxd4 O-O 8.
Nc2 d6 9. O-O Be6 10. b3 Qc8 11. e4 Bh3 12. f4 Bxg2 13. Kxg2 Ng4 14. Qd3 Qe6
15. Bd2 f5 16. Rae1 Rad8 17. Nd5 Nh6 18. Nc7 Qd7 19. Qd5+ e6 20. Qxe6+ Rf7 21.
Qxd7 Rdxd7 22. Nd5 Ne7 23. Nxe7+ Rfxe7 24. Kf3 Ng4 25. Kg2 fxe4 26. Ne3 Nxe3+
27. Bxe3 d5 28. cxd5 Rxd5 29. Re2 a6 30. Rc1 Red7 31. Rc4 Bd4 32. Bf2 e3 33.
Bg1 Bb6 34. Rc1 Rd1 35. Rxd1 Rxd1 36. g4 Kf7 37. h3 Kf6 38. h4 h5 39. gxh5 gxh5
40. Bxe3 Bxe3 41. Rxe3 Kf5 42. Re7 Kxf4 43. Rxb7 Rd2+ 1/2-1/2